00389nam a22001457a 4500003000200000005001700002020001800019082002000037100002700057245005600084260004000140300001100180520003800191650001400229020260430143754.0 a9789392509520 aH 891.4309 SHA  aSharma, Yogendra Nath  aDr. Nishank ki srijan yatra : avdaan evam mulyankan aNew Delhi bSanjay Prakashan c2023 a761p.  aCriticism On Dr. Ramesh Pokhriyal aCriticism